000 00205 a2200097 4500
001 786
100 _aHunter,L.P
245 _aSemiconductor electronics handbook
260 _a
_bHMSo
_c
090 _c379
_d379
942 _aNUST-CAE
_cM
_c30033
999 _c235859
_d235859